000 00764nam a22002177i 4500
999 _c23431
_d23431
003 AR-CdUCM
008 260105b20192019 pe||||| |||| 00| 0 spa d
020 _a978-612-316-930-5
040 _aMUNICIPALIDAD PROVINCIAL DEL CUSCO
_cBIBLIOTECA MUNICIPAL DEL CUSCO
041 _hspa
082 _aEP / 869.56 /
_bW69
100 _aWiesse, María
_951914
245 _aQuipus :
_bRelatos peruanos para niños /
260 _aAte-Lima :
_bEdiciones SM S.A.C.
_c2019
300 _a143 páginas. :
_bIlustraciones
_c20x15 cm.
505 _aEl pais del sol -- Pastores y agricultores -- Los dioses -- La ira del Kon -- Tejidos -- La niña y su cántaro
650 _aQuipus
_951915
856 _fwww.fundacion-sm.org
942 _2ddc
_cLIBROS
945 _apbjr
_d5-01-2026